000 00799cam a2200241 a 4500
001 000010907
005 20200929162321.0
008 821214s1922 ag a 000 0 spa d
040 _aDO-SdBNP
_bspa
_cLC
_dBNPHU
082 _ann*
_bnn*
245 0 0 _aSátiras de juvenal y persio /
_cTraducción Francisco Díaz Carmona y José M. Vigil.
260 _aMadrid :
_bLibrería de la Viuda de Hernando y C.,
_c[1922].
300 _a256, 259-[262] p. ;
_c18 cm.
650 0 _aSex.
_926303
650 0 _aSex (biology)
_926304
650 0 _aSex (psychology)
_926305
650 0 _aParaphilias.
_926306
700 1 _aDíaz Carmona, Francisco,
_etr.
_926307
700 1 _aVigil, José M.,
_etr.
_926308
700 1 _aEscudero, Jorge,
_epról.
_926309
910 _aCatalogación derivada / LC
049 _aBNGR
999 _c10645
_d10645